000 00424pab a2200169 454500
008 180718b2017 xxu||||| |||| 00| 0 eng d
100 _aTripathi, Mamta Mani
245 _aPanchayati raj: sushaasan evam vikas
260 _c2017
300 _ap.149-154.
362 _aJul-Dec
650 _aEconomic development
650 _aGood governance
650 _aPanchayati raj
773 _aLok Prashasan
909 _a117303
999 _c117297
_d117297